Satunnaisia peräkkäisiä Euroopan valtioita kartalla - Statistics

Yleistilastot
  • Tätä visaa on pelattu 5 550 kertaa
    4 849 viimeisimmän päivityksen jälkeen
  • Keskiarvotulos 36 / 45
Vastaukset kartalla
Vastauksille on annettu kartalla punavihreä väri sen mukaan, kuinka moni on saanut sen oikein.
 
Vastaustilastot
Valtio % Oikein
Espanja
81%
Norja
81%
Portugali
81%
Ranska
81%
Ukraina
81%
Alankomaat
80%
Andorra
80%
Belgia
80%
Irlanti
80%
Islanti
80%
Italia
80%
Itävalta
80%
Kreikka
80%
Kroatia
80%
Latvia
80%
Liettua
80%
Malta
80%
Monaco
80%
Puola
80%
Ruotsi
80%
Saksa
80%
Suomi
80%
Tanska
80%
Valko-Venäjä
80%
Venäjä
80%
Viro
80%
Yhdistynyt kuningaskunta
80%
Albania
79%
Bosnia ja Hertsegovina
79%
Bulgaria
79%
Luxemburg
79%
Romania
79%
Slovakia
79%
Slovenia
79%
Sveitsi
79%
Tšekki
79%
Unkari
79%
Vatikaanivaltio
79%
Kosovo
78%
Liechtenstein
78%
Moldova
78%
San Marino
78%
Serbia
78%
Montenegro
77%
Pohjois-Makedonia
77%
Ehtoja vastaavia visoja ei löytynyt
Tulosjakauma
Jokaisen tuloksen saaneiden osuus
Persentiili vastausten määrän mukaan
Tuloshistoriasi
Et ole pelannut tätä visaa sen viimeisimmän päivityksen jälkeen